Mis conversaciones privadas con Franco / (Record no. 65383)

MARC details
000 -LEADER
campo de control de longitud fija 00765nam a2200217 i 4500
001 - NÚMERO DE CONTROL
campo de control 65383
003 - IDENTIFICADOR DE NÚMERO DE CONTROL
campo de control ES-MaACL
005 - FECHA Y HORA DE LA ÚLTIMA TRANSACCIÓN
campo de control 20231229063018.0
007 - CAMPO FIJO DE DESCRIPCIÓN FÍSICA--INFORMACIÓN GENERAL
campo de control de longitud fija t|
008 - DATOS DE LONGITUD FIJA--INFORMACIÓN GENERAL
campo de control de longitud fija 040112s1976 sp ||||1| spa d
020 ## - NÚMERO INTERNACIONAL ESTÁNDAR DEL LIBRO
Número Internacional Estándar del Libro 84-320-5625-1
100 1# - ENTRADA PRINCIPAL--NOMBRE DE PERSONA
Nombre de persona Franco Salgado-Araujo, Francisco,
Fechas asociadas al nombre 1890-1975
9 (RLIN) 52265
245 10 - MENCIÓN DEL TÍTULO
Título Mis conversaciones privadas con Franco /
Mención de responsabilidad, etc. Teniente General Francisco Franco Salgado-Araujo.
260 ## - PUBLICACIÓN, DISTRIBUCIÓN, ETC.
Lugar de publicación, distribución, etc. Barcelona :
Nombre del editor, distribuidor, etc. Planeta,
Fecha de publicación, distribución, etc. [1976]
300 ## - DESCRIPCIÓN FÍSICA
Extensión 564 p. :
Otras características físicas il. ;
Dimensiones 25 cm.
490 1# - MENCIÓN DE SERIE
Mención de serie Espejo de España. Serie Biografías y memorias ;
Designación de volumen o secuencia 25
830 0# - PUNTO DE ACCESO ADICIONAL DE SERIE-TÍTULO UNIFORME
Título uniforme Espejo de España. Biografías y memorias
Designación de volumen o secuencia 25
9 (RLIN) 180516
852 ## - LOCALIZACIÓN
Ubicación ES-MaACL
Número de control de estantería A-7742
Sublocalización o colección R.97357
852 ## - LOCALIZACIÓN
Ubicación ES-MaACL
Número de control de estantería L-6507
Sublocalización o colección R.107357
Holdings
Estatus retirado Estado de pérdida Estado de daño No para préstamo Biblioteca de origen Biblioteca actual Ubicación en estantería Fecha de adquisición Fuente de adquisición Total de préstamos Signatura topográfica completa Código de barras Visto por última vez Precio de reemplazo Tipo de ítem Koha
        Biblioteca del Ateneo de Madrid Biblioteca del Ateneo de Madrid Depósito 2 17/01/2008     L-6507 1068503 23/02/2023 23/02/2023 Libro impreso
        Biblioteca del Ateneo de Madrid Biblioteca del Ateneo de Madrid Sala Pecera Planta 1 17/01/2008     A-7742 1068502 23/02/2023 23/02/2023 Libro impreso